| 000 | 00362nam a22000977a 4500 | ||
|---|---|---|---|
| 008 | 110613t xxu||||| |||| 00| 0 eng d | ||
| 010 | _aSCCAF-32 | ||
| 245 | _aSupreme Court Constitutional Appeal No.2 of 2003 Attorney General Vs Dr. James Rwanyarare and others. | ||
| 260 | _c2003 | ||
| 500 | _aCORAM:Odoki, CJ;Oder, Tsekooko,Karokora,Mulenga, Kanyeihamba & Kato, JJ.SC. | ||
| 999 |
_c2731 _d2731 |
||